Statistics for Disney characters anagrams

Click here to take the quiz!

General Stats

  • This quiz has been taken 38 times
  • The average score is 75 of 125

Answer Stats

HintAnswer% Correct
riealAriel
97%
asyid uckdDaisy Duck
94%
klue kywlakserLuke Skywalker
94%
nnime uosmeMinnie Mouse
94%
luptoPluto
94%
nladdo ckudDonald Duck
90%
anh olsoHan Solo
90%
ikmcey ouesmMickey Mouse
90%
awjaJawa
87%
rincpe reicPrince Eric
87%
misbaSimba
87%
chebacwacChewbacca
84%
eryRey
84%
odyaYoda
84%
uzbzBuzz
81%
odcDoc
81%
asfumaMufasa
81%
apunrzleRapunzel
81%
erxRex
81%
carsScar
81%
bastiasnSebastian
81%
isdSid
81%
dyoowWoody
81%
hatdr davreDarth Vader
77%
infnFinn
77%
offgyGoofy
77%
gnik rittonKing Triton
77%
epter npaPeter Pan
77%
tnkire leblTinker Bell
77%
yepodDopey
74%
derfoulnFlounder
74%
lynfn dierrFlynn Rider
74%
akaKaa
74%
ttlel ob epepLittle Bo Peep
74%
amxMax
74%
lumanMulan
74%
alanNala
74%
piccnohoiPinocchio
74%
dr2-2R2-D2
74%
oroRoo
74%
aydnAndy
71%
p3-ocC-3PO
71%
ianNia
71%
oib naw nekobiObi Wan Kenobi
71%
nosw itewhSnow White
71%
trsom rootpreStorm Trooper
71%
nimtoTimon
71%
ananAnna
68%
8b-bBB-8
68%
aptcian kohoCaptain Hook
68%
mahmHamm
68%
bbaj hte htutJabba the hut
68%
asmjeniJasmine
68%
mijiny crcetikJiminy Cricket
68%
owmgilMowgli
68%
rsm ottpsMrs Potts
68%
ruslauUrsula
68%
nniwe hte oohpWinnie the Pooh
68%
uzzaZazu
68%
looabBaloo
65%
lufshbaBashful
65%
eolLeo
65%
atpchPatch
65%
ongopPongo
65%
kirafiRafiki
65%
eyzsneSneezy
65%
itgergTigger
65%
blleeBelle
61%
obab teftBoba Fett
61%
yoeereEeyore
61%
derfFred
61%
googGogo
61%
ruympgGrumpy
61%
onhey emonlHoney Lemon
61%
ushumMushu
61%
tigpelPiglet
61%
erincp naevnePrince Naveen
61%
cesspinr laiePrincess Leia
61%
aambpuPumbaa
61%
elspyeSleepy
61%
rfaajJafar
58%
ydnsyeSydney
58%
stesTess
58%
adalindAladdin
55%
bsaetBeast
55%
blilBill
55%
anaitTiana
55%
aeslElsa
52%
hnahna anamtoHannah Montana
52%
irhoHiro
48%
uclaLuca
48%
folaOlaf
48%
emryRemy
45%
ophsiaSophia
45%
nakinaAnakin
42%
aymbxaBaymax
42%
loyk rneKylo Ren
42%
erdiamMerida
42%
ookberBooker
39%
rcuelal ed ivlCruella De Vill
39%
egneiGenie
39%
yancnNancy
39%
thrad aulmDarth Maul
35%
rorempe palatinepEmperor Palpatine
35%
rogugGrogu
35%
aiogIago
35%
veliLevi
35%
loilLilo
35%
coriRico
35%
eppetogGeppetto
32%
rikctecCricket
29%
mymeEmmy
29%
iemrluLumier
29%
veranRaven
29%
tihcsStich
29%
doanl ssacalrianLando Calrissian
23%
ovielOlive
23%
olbertaAlberto
19%
damrgna udjyGrandma Judy
19%
ariolgGloria
16%
shiadatTadashi
16%
TlyliTilly
16%
lechsaeChelsea
13%
ragmamGramma
10%
eerlocErcole
0%

Score Distribution

Percentile by Number Answered

Percent of People with Each Score

Your Score History

You have not taken this quiz